000
00214 a2200109 4500
020
_a
9788495349446
041
_a
spa
100
_a
Swift, Jonathan
245
_a
Los Viajes de Gulliver
942
_c
BK
999
_c
4580
_d
4580
999
_d
4580